Posúdenie rozvojového územia v obci z hľadiska obsluhy územia a navrhnutej siete miestnych ciest

Guardado en:
Detalles Bibliográficos
Autor principal: Sándor, Norbert (Autor)
Otros Autores: Schlosser, Peter (Orientador)
Formato: Manuscrito Libro
Lenguaje:eslovaco
Publicado: 2025
Materias:
Acceso en línea:http://is.stuba.sk/zp/portal_zp.pl?podrobnosti=183088
CRZP
Etiquetas: Agregar Etiqueta
Sin Etiquetas, Sea el primero en etiquetar este registro!

MARC

LEADER 00000ntm a22000003a 4500
001 stuzp105018
003 SK-STU
005 20250909090911.4
007 ta
008 150427s2015----xo-----f-mn---000-0-slo-d
040 |a STU  |b slo 
041 0 |a slo 
100 1 |a Sándor, Norbert  |u 010120  |4 aut  |U SvF Stavebná fakulta  |T SvF Katedra dopravných stavieb  |X 110208  |U V120  |Y 12  |7 110208 
242 0 1 |a Assessment of the development area in the village in terms of servicing the area and the proposed network of urban roads  |y eng 
245 1 0 |a Posúdenie rozvojového územia v obci z hľadiska obsluhy územia a navrhnutej siete miestnych ciest 
260 |c 2025 
650 4 |a alternative solutions  |2 eng 
650 4 |a bypass  |2 eng 
650 4 |a municipal development  |2 eng 
650 4 |a Route I/63  |2 eng 
650 4 |a Dunajská Lužná  |2 eng 
650 4 |a Rovinka  |2 eng 
650 4 |a variantné riešenie  |2 slo 
650 4 |a obchvat  |2 slo 
650 4 |a cesta I/63  |2 slo 
650 4 |a Dunajská Lužná  |2 slo 
650 4 |a rozvoj obcí  |2 slo 
650 4 |a Rovinka  |2 slo 
700 1 |a Schlosser, Peter  |4 ths  |X 85258  |7 85258 
856 4 |u http://is.stuba.sk/zp/portal_zp.pl?podrobnosti=183088 
856 4 |u https://opac.crzp.sk/?fn=detailBiblioForm&sid=809C367C54749DCAA143ADFF7E5A  |z CRZP